| 000 | 004570000a22001450004500 | ||
|---|---|---|---|
| 090 |
_aAS _bSeriadas |
||
| 245 | 1 | 0 | _aPrimeros registros para Colombia de cuatro taxones de la familia Tyrannidae (<aves: Passeriformes>) |
| 041 | 0 | _aEspaƱol | |
| 700 | 1 |
_aPiragua, William _999174 |
|
| 700 | 1 |
_aStiles, F. Gary _9877 |
|
| 700 | 1 |
_aMcNish, Thomas _999385 |
|
| 100 | 1 |
_aRojas R., Rosario _999386 |
|
| 942 | _cARTICULO | ||
| 773 | 1 |
_tCaldasia _345 _h3 _q523-525 _d1997 _g19 |
|
| 999 |
_c14858 _d14858 |
||